The English Print Trade in the Reign of Edward VI, 1547-1553 / (Record no. 49425)

MARC details
000 -LEADER
fixed length control field 03485nam a22004218i 4500
001 - ACCESSION NUMBER
control field BRILL9789004510173
003 - CONTROL NUMBER IDENTIFIER
control field nllekb
005 - DATE AND TIME OF LATEST TRANSACTION
control field 20260415154317.0
006 - FIXED-LENGTH DATA ELEMENTS--ADDITIONAL MATERIAL CHARACTERISTICS--GENERAL INFORMATION
fixed length control field m d
007 - PHYSICAL DESCRIPTION FIXED FIELD--GENERAL INFORMATION
fixed length control field cr un uuuua
008 - FIXED-LENGTH DATA ELEMENTS--GENERAL INFORMATION
fixed length control field 230524s2023 gw sb 001 0 eng d
020 ## - INTERNATIONAL STANDARD BOOK NUMBER
International Standard Book Number 9789004510173
Qualifying information (electronic book)
020 ## - INTERNATIONAL STANDARD BOOK NUMBER
Cancelled/invalid ISBN 9789004510166
Qualifying information (print)
024 7# - OTHER STANDARD IDENTIFIER
Standard number or code 10.1163/9789004510173
Source of number or code DOI
035 ## - SYSTEM CONTROL NUMBER
Canceled/invalid control number (OCoLC)1371748015
040 ## - CATALOGING SOURCE
Original cataloging agency NL-LeKB
Transcribing agency NL-LeKB
Description conventions rda
041 ## - LANGUAGE CODE
Language code of text/sound track or separate title eng
050 #4 - LIBRARY OF CONGRESS CALL NUMBER
Classification number Z151.3
072 #7 - SUBJECT CATEGORY CODE
Subject category code HBLH
Source bicssc
072 #7 - SUBJECT CATEGORY CODE
Subject category code HIS
Subject category code subdivision 010000
Source bisacsh
072 #7 - SUBJECT CATEGORY CODE
Subject category code HIS
Subject category code subdivision 037020
Source bisacsh
082 04 - DEWEY DECIMAL CLASSIFICATION NUMBER
Classification number 686.209420
Edition number 23
100 1# - MAIN ENTRY--PERSONAL NAME
Personal name Richards, Celyn David,
Relator term author.
245 14 - TITLE STATEMENT
Title The English Print Trade in the Reign of Edward VI, 1547-1553 /
Statement of responsibility, etc Celyn David Richards.
300 ## - PHYSICAL DESCRIPTION
Extent 1 online resource (310 pages) :
Other physical details illustrations.
490 1# - SERIES STATEMENT
Series statement Library of the Written Word ;
Volume number/sequential designation 115
504 ## - BIBLIOGRAPHY, ETC. NOTE
Bibliography, etc Includes bibliographical references and index.
505 0# - FORMATTED CONTENTS NOTE
Title Acknowledgements -- List of Figures, Tables and Graphs -- AbbreviationsI -- 1 Introduction -- 2 The Reign of Edward VI and the English Book World: An Overview -- 1 The English Print World before 1547 -- 2 The Political Conditions of the Reign of Edward VI -- 3 Religious Affairs in England and Europe -- 4 The English Economy -- 5 The Output of English Printers, 1547-1553 -- 6 Edwardian Historiography -- 7 Key Questions -- 3 Print and Government -- 1 Censorship and the Law -- 2 Resistance and Suppression -- 3 The Religious and Social Radical Fringe -- 4 Official Offices, Compulsory Provisions and Rival Texts -- 1 The Canonical Texts of the Edwardian Church -- 2 State Patronage: Printers' Patents and Privileges -- 5 A Technical and Design Examination -- 1 The Henrician State of Affairs -- 2 Design Conventions -- 3 Technical Improvements -- 4 Woodcut Title Borders and Initials -- 5 Stylistic Conventions and Development -- 6 Commercial Networks -- 1 The Composite Parts of the English Book World -- 2 Commercial Relationships between Printers and Publishers -- 3 Partnerships -- 4 Printers for Hire -- 5 Publishers -- 7 The Growth of the Wider English Book World -- 1 'Certayne Honest Menne of the Occupacyon Whose Names Be upon Their Bokes': The Paul's Cross Publishing Syndicate -- 2 'Private' Patronage -- 3 Patronage Partnerships -- 8 Conclusion -- Bibliography -- Index.
520 ## - SUMMARY, ETC.
Summary, etc The protestant reformation was critical to the efflorescence of printing in England between 1547 and 1553. Celyn David Richards explores English print culture during this turbulent period, as an official programme of reform, new censorship dynamics and increasingly sophisticated commercial relationships contributed to the trade's rapid expansion. Edward VI's reign saw unprecedented levels of religious print production, London's first publishing syndicate, and a climate of protestant ascendancy which helped English print culture to make up ground on its continental counterparts.
546 ## - LANGUAGE NOTE
Language note English
650 #0 - SUBJECT ADDED ENTRY--TOPICAL TERM
Topical term or geographic name as entry element Book industries and trade
Geographic subdivision England
General subdivision History
Chronological subdivision 16th century.
650 #0 - SUBJECT ADDED ENTRY--TOPICAL TERM
Topical term or geographic name as entry element Printing
General subdivision Political aspects
Geographic subdivision England
General subdivision History
Chronological subdivision 16th century.
650 #0 - SUBJECT ADDED ENTRY--TOPICAL TERM
Topical term or geographic name as entry element Printing
Geographic subdivision England
General subdivision History
Chronological subdivision 16th century.
776 08 - ADDITIONAL PHYSICAL FORM ENTRY
Display text Print version:
Title The English Print Trade in the Reign of Edward VI, 1547-1553.
Place, publisher, and date of publication Leiden ; Boston : Brill, 2023.
International Standard Book Number 9789004510166
Record control number (DLC) 2023013632
830 #0 - SERIES ADDED ENTRY--UNIFORM TITLE
Uniform title Library of the Written Word ;
Volume number/sequential designation 115.
856 4# - ELECTRONIC LOCATION AND ACCESS
Uniform Resource Identifier <a href="http://dx.doi.org/10.1163/9789004510173">http://dx.doi.org/10.1163/9789004510173</a>
942 ## - ADDED ENTRY ELEMENTS (KOHA)
Source of classification or shelving scheme Dewey Decimal Classification
Koha item type Electronic Books
Holdings
Date last seen Total Checkouts Full call number Barcode Uniform Resource Identifier Price effective from Koha item type Lost status Source of classification or shelving scheme Damaged status Not for loan Withdrawn status Home library Current library Date acquired
15/04/2026   686.209420 EB04570 https://doi.org/10.1163/9789004510173 15/04/2026 Electronic Books   Dewey Decimal Classification       CUTN Central Library CUTN Central Library 15/04/2026